[Event "M?R 2020 v rapid ?achu druzstev"]
[Site "Turnov"]
[Date "2020.09.13"]
[Round "7.5"]
[White "Natsidis DEC, Christoph"]
[Black "Pulpan DPP, Jakub"]
[Result "0-1"]
[BlackElo "2493"]
[WhiteElo "2306"]
[LiveChessVersion "1.4.8"]

1. d4 {[%clk 0:15:08]} Nf6 {[%clk 0:15:09]} 2. c4 {[%clk 0:15:12]} e6
{[%clk 0:15:13]} 3. Nf3 {[%clk 0:15:15]} d5 {[%clk 0:15:17]} 4. Nc3
{[%clk 0:15:00]} c5 {[%clk 0:15:22]} 5. cxd5 {[%clk 0:15:00]} Nxd5
{[%clk 0:15:25]} 6. e3 {[%clk 0:14:48]} Nc6 {[%clk 0:15:28]} 7. Bd3
{[%clk 0:13:50]} cxd4 {[%clk 0:15:31]} 8. exd4 {[%clk 0:13:53]} Bb4
{[%clk 0:15:35]} 9. Bd2 {[%clk 0:13:12]} Be7 {[%clk 0:15:39]} 10. O-O
{[%clk 0:13:14]} O-O {[%clk 0:15:40]} 11. Qb3 {[%clk 0:10:37]} Bf6
{[%clk 0:15:40]} 12. Nxd5 {[%clk 0:10:17]} exd5 {[%clk 0:15:42]} 13. Bc3
{[%clk 0:09:23]} Rb8 {[%clk 0:15:12]} 14. Rfe1 {[%clk 0:07:51]} Bg4
{[%clk 0:15:13]} 15. Ne5 {[%clk 0:07:55]} Bxe5 {[%clk 0:15:00]} 16. dxe5
{[%clk 0:07:59]} d4 {[%clk 0:14:48]} 17. Bb4 {[%clk 0:07:22]} Be6
{[%clk 0:14:15]} 18. Qa3 {[%clk 0:07:10]} Nxb4 {[%clk 0:14:13]} 19. Qxb4
{[%clk 0:07:14]} a5 {[%clk 0:14:17]} 20. Qa4 {[%clk 0:06:16]} Qb6
{[%clk 0:12:54]} 21. Qc2 {[%clk 0:05:50]} h6 {[%clk 0:11:58]} 22. f4
{[%clk 0:05:18]} Rbc8 {[%clk 0:11:30]} 23. Qe2 {[%clk 0:05:01]} f5
{[%clk 0:10:45]} 24. exf6 {[%clk 0:04:19]} Rxf6 {[%clk 0:10:49]} 25. Qe4
{[%clk 0:04:23]} Bf5 {[%clk 0:09:57]} 26. Qd5+ {[%clk 0:04:27]} Be6
{[%clk 0:10:00]} 27. Qe4 {[%clk 0:04:31]} g6 {[%clk 0:09:39]} 28. Qe5
{[%clk 0:03:23]} Rcf8 {[%clk 0:09:00]} 29. g3 {[%clk 0:02:53]} Qxb2
{[%clk 0:08:19]} 30. Qxa5 {[%clk 0:02:40]} b6 {[%clk 0:07:00]} 31. Qb5
{[%clk 0:02:12]} Qa3 {[%clk 0:05:37]} 32. Bc4 {[%clk 0:01:36]} Bf7
{[%clk 0:05:29]} 33. Bxf7+ {[%clk 0:01:08]} R8xf7 {[%clk 0:05:34]} 34. Qe8+
{[%clk 0:01:12]} Kg7 {[%clk 0:05:28]} 35. Qe5 {[%clk 0:01:15]} d3
{[%clk 0:05:17]} 36. Rad1 {[%clk 0:01:08]} Rd7 {[%clk 0:05:09]} 37. Rd2
{[%clk 0:01:10]} Qc5+ {[%clk 0:05:00]} 38. Qxc5 {[%clk 0:00:24]} bxc5 39. Rc1 Rc6
{[%clk 0:04:12]} 40. Rc4 {[%clk 0:00:33]} Rd5 {[%clk 0:04:06]} 41. Kf2
{[%clk 0:00:31]} Kf6 {[%clk 0:04:00]} 42. Ke3 {[%clk 0:00:24]} Re6+
{[%clk 0:04:00]} 43. Kf2 {[%clk 0:00:19]} g5 {[%clk 0:03:20]} 44. Rc3
{[%clk 0:00:17]} Ra6 {[%clk 0:01:56]} 45. fxg5+ {[%clk 0:00:08]} Ke5
{[%clk 0:01:45]} 46. Rcxd3 {[%clk 0:00:09]} Rxd3 {[%clk 0:01:48]} 47. Rxd3
{[%clk 0:00:14]} Rxa2+ 48. Kf3 {[%clk 0:00:14]} hxg5 {[%clk 0:01:48]} 49. h4
{[%clk 0:00:18]} gxh4 {[%clk 0:01:35]} 50. gxh4 c4 {[%clk 0:01:40]} 51. Rd8
{[%clk 0:00:26]} Ra3+ {[%clk 0:01:23]} 52. Kg4 {[%clk 0:00:22]} c3
{[%clk 0:01:16]} 53. Rc8 {[%clk 0:00:23]} Kd4 {[%clk 0:01:12]} 54. h5
{[%clk 0:00:18]} Ra4 {[%clk 0:01:00]} 55. h6 {[%clk 0:00:17]} c2 {[%clk 0:00:58]}
56. h7 {[%clk 0:00:14]} Kd3+ {[%clk 0:00:44]} 57. Kh5 0-1

[Event "M?R 2020 v rapid ?achu druzstev"]
[Site "Turnov"]
[Date "2020.09.13"]
[Round "7.6"]
[White "Kourousis DPP, Epameinondas"]
[Black "Buchcar DEC, Tomas"]
[Result "1-0"]
[BlackElo "2075"]
[WhiteElo "2418"]
[LiveChessVersion "1.4.8"]

1. d4 {[%clk 0:15:07]} Nf6 {[%clk 0:15:09]} 2. Nf3 {[%clk 0:15:10]} c5
{[%clk 0:15:12]} 3. d5 {[%clk 0:15:11]} d6 {[%clk 0:15:16]} 4. c4
{[%clk 0:15:12]} e5 {[%clk 0:15:19]} 5. Nc3 {[%clk 0:15:12]} Be7 {[%clk 0:15:23]}
6. e4 {[%clk 0:15:12]} O-O {[%clk 0:15:14]} 7. h3 {[%clk 0:15:00]} Ne8
{[%clk 0:15:15]} 8. Bd3 {[%clk 0:14:55]} a6 {[%clk 0:15:11]} 9. a4
{[%clk 0:14:51]} g6 {[%clk 0:15:09]} 10. g4 {[%clk 0:14:49]} Ng7 {[%clk 0:15:11]}
11. Bh6 {[%clk 0:14:50]} b6 {[%clk 0:14:53]} 12. Rg1 {[%clk 0:14:03]} f6
{[%clk 0:14:51]} 13. Ne2 {[%clk 0:12:15]} Rf7 {[%clk 0:14:34]} 14. Ng3
{[%clk 0:12:14]} Nd7 {[%clk 0:13:56]} 15. h4 {[%clk 0:10:01]} Nf8
{[%clk 0:13:42]} 16. Nd2 {[%clk 0:10:00]} Bd7 {[%clk 0:13:28]} 17. Ndf1
{[%clk 0:09:49]} Rb8 {[%clk 0:12:40]} 18. Ne3 {[%clk 0:09:46]} b5
{[%clk 0:12:35]} 19. axb5 {[%clk 0:09:25]} axb5 {[%clk 0:12:39]} 20. b3
{[%clk 0:08:06]} Qb6 {[%clk 0:12:30]} 21. f3 {[%clk 0:06:08]} bxc4
{[%clk 0:12:26]} 22. Bxc4 {[%clk 0:06:09]} Bb5 {[%clk 0:12:16]} 23. h5
{[%clk 0:05:28]} Bxc4 {[%clk 0:12:16]} 24. bxc4 {[%clk 0:05:32]} Bd8
{[%clk 0:11:33]} 25. Kf2 {[%clk 0:05:35]} Qb2+ {[%clk 0:11:26]} 26. Qe2
{[%clk 0:05:18]} Qxe2+ {[%clk 0:10:10]} 27. Nxe2 {[%clk 0:05:13]} Rb2
{[%clk 0:09:55]} 28. Ra8 {[%clk 0:05:00]} Rd7 {[%clk 0:09:41]} 29. Rga1
{[%clk 0:04:41]} Be7 {[%clk 0:09:18]} 30. R1a2 {[%clk 0:03:33]} Rxa2
{[%clk 0:08:16]} 31. Rxa2 {[%clk 0:03:37]} Ne8 {[%clk 0:08:20]} 32. Nc3
{[%clk 0:03:20]} Rb7 {[%clk 0:08:10]} 33. Bxf8 {[%clk 0:03:19]} Bxf8
{[%clk 0:07:59]} 34. Nb5 {[%clk 0:03:17]} Nc7 {[%clk 0:07:44]} 35. Ra5
{[%clk 0:02:32]} Kf7 {[%clk 0:07:18]} 36. Nd1 {[%clk 0:02:21]} Ne8
{[%clk 0:07:21]} 37. hxg6+ {[%clk 0:01:59]} hxg6 {[%clk 0:07:24]} 38. Ndc3
{[%clk 0:01:48]} Ke7 {[%clk 0:07:21]} 39. Ra8 {[%clk 0:01:43]} Kd7
{[%clk 0:07:19]} 40. Ke2 Be7 {[%clk 0:07:12]} 41. Kd3 {[%clk 0:00:49]} Bd8
{[%clk 0:06:24]} 42. Nd1 {[%clk 0:00:52]} Nc7 {[%clk 0:05:07]} 43. Nxc7
{[%clk 0:00:50]} Kxc7 {[%clk 0:05:09]} 44. Nc3 {[%clk 0:00:47]} Kd7
{[%clk 0:05:08]} 45. Nb5 {[%clk 0:00:48]} g5 {[%clk 0:05:05]} 46. Nxd6
{[%clk 0:00:23]} Rb3+ {[%clk 0:05:09]} 47. Ke2 {[%clk 0:00:24]} Rb2+
{[%clk 0:04:18]} 48. Ke3 {[%clk 0:00:24]} Rb3+ {[%clk 0:03:30]} 49. Ke2
{[%clk 0:00:29]} Rb2+ {[%clk 0:03:09]} 50. Kf1 {[%clk 0:00:34]} Bb6
{[%clk 0:03:02]} 51. Nb5 Rb4 {[%clk 0:02:50]} 52. Ra6 {[%clk 0:00:34]} Bd8
{[%clk 0:02:50]} 53. Ra7+ {[%clk 0:00:33]} Kc8 {[%clk 0:02:51]} 54. Ra8+
{[%clk 0:00:24]} Kd7 {[%clk 0:02:54]} 55. Ke2 {[%clk 0:00:18]} Rb3
{[%clk 0:02:25]} 56. Ra7+ {[%clk 0:00:20]} Kc8 {[%clk 0:02:29]} 57. d6
{[%clk 0:00:16]} Kb8 {[%clk 0:02:22]} 58. Rd7 {[%clk 0:00:13]} Ba5
{[%clk 0:02:23]} 59. Rf7 {[%clk 0:00:16]} Rb2+ {[%clk 0:02:20]} 60. Kd1
{[%clk 0:00:14]} Rf2 {[%clk 0:01:50]} 61. Rxf6 Kb7 {[%clk 0:01:51]} 62. Rf5
{[%clk 0:00:09]} Kc6 {[%clk 0:01:49]} 63. Rf7 {[%clk 0:00:08]} Rf1+
{[%clk 0:01:38]} 64. Kc2 {[%clk 0:00:11]} Rf2+ {[%clk 0:01:41]} 65. Kb3
{[%clk 0:00:14]} Rd2 {[%clk 0:01:26]} 66. Ra7 {[%clk 0:00:14]} Bb6
{[%clk 0:01:20]} 67. Re7 {[%clk 0:00:11]} Rd3+ {[%clk 0:01:23]} 68. Kc2
{[%clk 0:00:09]} Rxf3 {[%clk 0:01:27]} 69. Rxe5 {[%clk 0:00:13]} Rf4
{[%clk 0:01:25]} 70. Rxg5 {[%clk 0:00:09]} Rxe4 {[%clk 0:01:27]} 71. Kd3
{[%clk 0:00:12]} Re1 {[%clk 0:01:30]} 72. Rg6 {[%clk 0:00:09]} Kd7
{[%clk 0:01:18]} 73. g5 {[%clk 0:00:12]} Bd8 {[%clk 0:01:14]} 74. Rg7+
{[%clk 0:00:16]} Ke6 {[%clk 0:01:11]} 75. g6 {[%clk 0:00:19]} Rg1
{[%clk 0:01:08]} 76. Rg8 {[%clk 0:00:23]} Kd7 {[%clk 0:01:09]} 77. Ke4
{[%clk 0:00:20]} Rg4+ {[%clk 0:01:09]} 78. Kf5 {[%clk 0:00:17]} Rg5+
{[%clk 0:01:03]} 79. Kf4 {[%clk 0:00:19]} Rg1 {[%clk 0:01:07]} 80. Kf3
{[%clk 0:00:10]} Rg5 {[%clk 0:01:04]} 81. Nc3 {[%clk 0:00:10]} Rf5+
{[%clk 0:00:45]} 82. Ke4 {[%clk 0:00:09]} Rg5 {[%clk 0:00:36]} 83. Kf4
{[%clk 0:00:09]} Rg1 {[%clk 0:00:25]} 84. Ne4 {[%clk 0:00:13]} Bb6
{[%clk 0:00:22]} 85. Rg7+ {[%clk 0:00:12]} Kc6 {[%clk 0:00:26]} 86. Rg8
{[%clk 0:00:07]} Kd7 {[%clk 0:00:30]} 87. Kf5 {[%clk 0:00:10]} Ba5
{[%clk 0:00:19]} 88. Rh8 {[%clk 0:00:07]} Rf1+ {[%clk 0:00:21]} 89. Ke5
{[%clk 0:00:08]} Rg1 {[%clk 0:00:23]} 90. Rh7+ {[%clk 0:00:11]} Kc6
{[%clk 0:00:27]} 91. Kf5 {[%clk 0:00:10]} Bd8 {[%clk 0:00:26]} 92. Rh8
{[%clk 0:00:10]} Ba5 {[%clk 0:00:29]} 93. Rc8+ {[%clk 0:00:12]} Kd7
{[%clk 0:00:30]} 94. Rxc5 {[%clk 0:00:16]} Bb6 {[%clk 0:00:28]} 95. Rb5
{[%clk 0:00:13]} Bd4 {[%clk 0:00:33]} 96. Rb7+ {[%clk 0:00:15]} Kc6
{[%clk 0:00:36]} 97. Rc7+ {[%clk 0:00:18]} 1-0

[Event "M?R 2020 v rapid ?achu druzstev"]
[Site "Turnov"]
[Date "2020.09.13"]
[Round "7.7"]
[White "Babicka DEC, Michal"]
[Black "Burdalev DPP, Kirill"]
[Result "0-1"]
[BlackElo "2299"]
[WhiteElo "2005"]
[LiveChessVersion "1.4.8"]

1. e4 {[%clk 0:15:03]} Nf6 {[%clk 0:15:09]} 2. e5 {[%clk 0:15:06]} Nd5
{[%clk 0:15:13]} 3. c4 {[%clk 0:15:08]} Nb6 {[%clk 0:15:17]} 4. d4
{[%clk 0:15:12]} d6 {[%clk 0:15:22]} 5. exd6 {[%clk 0:15:16]} exd6
{[%clk 0:15:26]} 6. Nc3 {[%clk 0:15:09]} Be7 {[%clk 0:15:30]} 7. h3
{[%clk 0:15:08]} Bf5 {[%clk 0:15:23]} 8. Nf3 {[%clk 0:15:10]} Nc6
{[%clk 0:15:22]} 9. Be2 {[%clk 0:15:11]} O-O {[%clk 0:15:12]} 10. O-O
{[%clk 0:15:13]} Bf6 {[%clk 0:15:11]} 11. d5 {[%clk 0:14:31]} Ne5
{[%clk 0:14:13]} 12. Nxe5 {[%clk 0:14:31]} Bxe5 {[%clk 0:14:16]} 13. Be3
{[%clk 0:14:28]} Re8 {[%clk 0:14:15]} 14. Bd4 {[%clk 0:14:27]} Nd7
{[%clk 0:14:00]} 15. Bxe5 {[%clk 0:13:18]} Rxe5 {[%clk 0:12:06]} 16. Bd3
{[%clk 0:13:16]} Bxd3 {[%clk 0:11:30]} 17. Qxd3 {[%clk 0:13:19]} Qe7
{[%clk 0:11:26]} 18. Rfd1 {[%clk 0:07:58]} a5 {[%clk 0:10:16]} 19. Kf1
{[%clk 0:07:44]} Re8 {[%clk 0:09:31]} 20. Qd2 {[%clk 0:07:30]} Nc5
{[%clk 0:09:14]} 21. b3 {[%clk 0:07:03]} Qh4 {[%clk 0:06:12]} 22. Re1
{[%clk 0:06:38]} f6 {[%clk 0:05:13]} 23. Rxe5 {[%clk 0:06:07]} fxe5
{[%clk 0:05:17]} 24. Re1 {[%clk 0:05:51]} Rf8 {[%clk 0:05:16]} 25. Re3
{[%clk 0:03:36]} b6 {[%clk 0:04:48]} 26. Kg1 {[%clk 0:03:23]} g6 {[%clk 0:04:02]}
27. Qe2 {[%clk 0:03:02]} Kg7 {[%clk 0:03:52]} 28. Ne4 {[%clk 0:02:59]} Nxe4
{[%clk 0:03:39]} 29. Rxe4 {[%clk 0:03:03]} Qg5 {[%clk 0:03:34]} 30. Qe3
{[%clk 0:02:55]} Qh5 {[%clk 0:03:16]} 31. Qe2 {[%clk 0:02:54]} Qxe2
{[%clk 0:03:10]} 32. Rxe2 {[%clk 0:02:58]} a4 {[%clk 0:02:47]} 33. Rc2
{[%clk 0:02:10]} axb3 {[%clk 0:02:44]} 34. axb3 {[%clk 0:02:14]} Ra8
{[%clk 0:02:49]} 35. b4 {[%clk 0:02:10]} Ra1+ {[%clk 0:02:40]} 36. Kh2
{[%clk 0:02:14]} Rb1 {[%clk 0:02:13]} 37. c5 {[%clk 0:02:18]} bxc5
{[%clk 0:02:00]} 38. bxc5 {[%clk 0:02:22]} Rd1 {[%clk 0:02:04]} 39. cxd6
{[%clk 0:02:07]} cxd6 {[%clk 0:02:08]} 40. Rc7+ {[%clk 0:01:40]} Kh6
{[%clk 0:02:12]} 41. g4 {[%clk 0:01:28]} g5 {[%clk 0:01:59]} 42. Re7
{[%clk 0:00:49]} Rxd5 {[%clk 0:02:01]} 43. Kg3 {[%clk 0:00:49]} Rd3+
{[%clk 0:02:03]} 44. f3 {[%clk 0:00:50]} Kg6 {[%clk 0:01:56]} 45. h4
{[%clk 0:00:50]} gxh4+ {[%clk 0:01:19]} 46. Kxh4 {[%clk 0:00:53]} Kf6
{[%clk 0:01:04]} 47. Rxh7 {[%clk 0:00:49]} Rxf3 {[%clk 0:01:07]} 48. g5+
{[%clk 0:00:50]} Ke6 {[%clk 0:01:09]} 49. Rh6+ {[%clk 0:00:50]} Kd5
{[%clk 0:01:01]} 50. Kg4 {[%clk 0:00:43]} Rf1 {[%clk 0:01:03]} 51. Rh2
{[%clk 0:00:35]} Rg1+ {[%clk 0:00:46]} 52. Kf5 {[%clk 0:00:39]} Rf1+
{[%clk 0:00:50]} 53. Kg4 {[%clk 0:00:28]} e4 {[%clk 0:00:53]} 54. Rg2
{[%clk 0:00:22]} Ke5 {[%clk 0:00:50]} 55. g6 {[%clk 0:00:22]} Kf6
{[%clk 0:00:42]} 56. Kh5 {[%clk 0:00:07]} Rh1+ {[%clk 0:00:45]} 57. Kg4
{[%clk 0:00:11]} d5 {[%clk 0:00:46]} 58. Kf4 {[%clk 0:00:15]} Rh4+
{[%clk 0:00:36]} 59. Ke3 {[%clk 0:00:19]} Rh3+ {[%clk 0:00:38]} 60. Kd4
{[%clk 0:00:18]} Rd3+ {[%clk 0:00:41]} 61. Kc5 Kg7 62. Kd6 {[%clk 0:00:19]} e3
{[%clk 0:00:46]} 63. Ke5 {[%clk 0:00:19]} d4 {[%clk 0:00:35]} 64. Ke4
{[%clk 0:00:09]} Rd2 {[%clk 0:00:39]} 65. Rg1 {[%clk 0:00:14]} e2
{[%clk 0:00:40]} 66. Kf3 {[%clk 0:00:08]} d3 {[%clk 0:00:37]} 67. Kf2
{[%clk 0:00:11]} Rd1 {[%clk 0:00:39]} 68. Re1 {[%clk 0:00:08]} Rxe1
{[%clk 0:00:41]} 69. Kxe1 {[%clk 0:00:11]} Kxg6 0-1

[Event "M?R 2020 v rapid ?achu druzstev"]
[Site "Turnov"]
[Date "2020.09.13"]
[Round "7.8"]
[White "Pribyl DPP, Josef"]
[Black "Janda DEC, Zdenek"]
[Result "1-0"]
[BlackElo "2030"]
[WhiteElo "2256"]
[LiveChessVersion "1.4.8"]

1. e4 {[%clk 0:15:09]} g6 {[%clk 0:15:07]} 2. d4 {[%clk 0:15:13]} Bg7
{[%clk 0:15:11]} 3. Nc3 {[%clk 0:15:17]} c6 {[%clk 0:15:11]} 4. f4
{[%clk 0:15:18]} b5 {[%clk 0:15:12]} 5. Nf3 {[%clk 0:15:16]} a6 {[%clk 0:15:10]}
6. e5 {[%clk 0:15:03]} h5 {[%clk 0:14:45]} 7. Bd3 {[%clk 0:15:03]} Nh6
{[%clk 0:14:47]} 8. a4 {[%clk 0:14:57]} b4 {[%clk 0:14:36]} 9. Ne4
{[%clk 0:14:45]} d6 {[%clk 0:13:51]} 10. O-O {[%clk 0:14:36]} O-O
{[%clk 0:12:54]} 11. Neg5 {[%clk 0:14:11]} Bf5 {[%clk 0:12:11]} 12. Bxf5
{[%clk 0:14:01]} Nxf5 {[%clk 0:12:14]} 13. c3 {[%clk 0:13:29]} bxc3
{[%clk 0:11:29]} 14. bxc3 {[%clk 0:13:32]} c5 {[%clk 0:11:28]} 15. Qb3
{[%clk 0:13:10]} cxd4 {[%clk 0:11:14]} 16. cxd4 {[%clk 0:13:14]} dxe5
{[%clk 0:10:45]} 17. dxe5 {[%clk 0:13:16]} Nc6 {[%clk 0:10:39]} 18. Rd1
{[%clk 0:13:18]} Ncd4 {[%clk 0:09:54]} 19. Nxd4 {[%clk 0:12:41]} Nxd4
{[%clk 0:09:52]} 20. Qd3 {[%clk 0:12:31]} Nf5 {[%clk 0:09:13]} 21. Qe2
{[%clk 0:10:50]} Qb6+ {[%clk 0:09:10]} 22. Qf2 {[%clk 0:10:55]} Qxf2+
{[%clk 0:08:48]} 23. Kxf2 {[%clk 0:10:59]} Rac8 {[%clk 0:08:22]} 24. Ra2
{[%clk 0:10:44]} Rc4 {[%clk 0:08:22]} 25. Be3 {[%clk 0:09:34]} Bh6
{[%clk 0:08:18]} 26. Nh3 {[%clk 0:09:02]} Re4 {[%clk 0:07:56]} 27. Rd3
{[%clk 0:08:53]} Rb8 {[%clk 0:07:40]} 28. g3 {[%clk 0:08:40]} e6 {[%clk 0:07:06]}
29. a5 {[%clk 0:08:24]} Nxe3 {[%clk 0:06:25]} 30. Rxe3 {[%clk 0:08:27]} Reb4
{[%clk 0:06:27]} 31. Kf3 {[%clk 0:08:20]} Bf8 {[%clk 0:06:23]} 32. Ng5
{[%clk 0:08:21]} Bc5 {[%clk 0:06:17]} 33. Rd3 {[%clk 0:07:57]} Rb3
{[%clk 0:05:31]} 34. Rad2 {[%clk 0:08:01]} R8b4 {[%clk 0:05:02]} 35. Ne4
{[%clk 0:07:56]} Bb6 {[%clk 0:04:56]} 36. axb6 {[%clk 0:07:58]} 1-0

[Event "M?R 2020 v rapid ?achu druzstev"]
[Site "Turnov"]
[Date "2020.09.13"]
[Round "8.1"]
[White "Serrano VYS, Salvador Eduardo"]
[Black "Polak MOR_A, Tomas"]
[Result "0-1"]
[BlackElo "2528"]
[WhiteElo "2307"]
[LiveChessVersion "1.4.8"]

1. d4 {[%clk 0:15:07]} Nf6 {[%clk 0:15:06]} 2. Nf3 {[%clk 0:15:10]} b6
{[%clk 0:15:04]} 3. c4 {[%clk 0:15:12]} e6 {[%clk 0:15:05]} 4. a3
{[%clk 0:15:15]} Bb7 {[%clk 0:15:07]} 5. Nc3 {[%clk 0:15:18]} g6 {[%clk 0:15:07]}
6. d5 {[%clk 0:15:21]} Bg7 7. e4 {[%clk 0:15:24]} O-O {[%clk 0:14:40]} 8. Bd3
{[%clk 0:15:24]} d6 {[%clk 0:14:33]} 9. O-O {[%clk 0:15:19]} Nbd7
{[%clk 0:14:35]} 10. h3 {[%clk 0:15:08]} Re8 {[%clk 0:14:27]} 11. Re1
{[%clk 0:15:04]} a6 {[%clk 0:14:03]} 12. Bf4 {[%clk 0:14:50]} Qe7
{[%clk 0:13:46]} 13. Rc1 {[%clk 0:14:24]} Qf8 {[%clk 0:13:46]} 14. b4
{[%clk 0:14:20]} Rac8 {[%clk 0:13:29]} 15. Qd2 {[%clk 0:14:11]} Rcd8
{[%clk 0:12:59]} 16. Be3 {[%clk 0:12:53]} c6 {[%clk 0:12:27]} 17. dxc6 Bxc6
{[%clk 0:12:31]} 18. Nd4 {[%clk 0:12:30]} Bb7 {[%clk 0:12:23]} 19. Rc2
{[%clk 0:09:10]} Ne5 {[%clk 0:11:54]} 20. f3 {[%clk 0:08:25]} d5 {[%clk 0:11:11]}
21. exd5 {[%clk 0:07:24]} exd5 {[%clk 0:11:11]} 22. cxd5 {[%clk 0:06:54]} Nxd3
{[%clk 0:10:34]} 23. Qxd3 {[%clk 0:06:54]} Nxd5 {[%clk 0:10:31]} 24. Nxd5
{[%clk 0:04:39]} Rxd5 {[%clk 0:10:24]} 25. Rd1 {[%clk 0:04:37]} Red8
{[%clk 0:07:42]} 26. Qc4 {[%clk 0:03:31]} Qe7 {[%clk 0:06:31]} 27. Bf2
{[%clk 0:02:43]} Qd7 {[%clk 0:05:27]} 28. Rcd2 {[%clk 0:02:41]} b5
{[%clk 0:04:30]} 29. Qc2 {[%clk 0:01:54]} Bh6 {[%clk 0:04:19]} 30. Rd3
{[%clk 0:01:44]} Bf4 {[%clk 0:04:05]} 31. Qe2 {[%clk 0:00:32]} Bb8
{[%clk 0:03:45]} 32. Qb2 {[%clk 0:00:17]} Qd6 {[%clk 0:03:30]} 33. Kf1
{[%clk 0:00:18]} h5 {[%clk 0:03:01]} 34. Qc3 {[%clk 0:00:13]} Kh7
{[%clk 0:03:03]} 35. Qb2 {[%clk 0:00:10]} Qh2 {[%clk 0:02:48]} 36. Bg1
{[%clk 0:00:09]} Qe5 {[%clk 0:02:48]} 37. Qc2 {[%clk 0:00:11]} Qd6
{[%clk 0:02:30]} 38. Ke2 {[%clk 0:00:09]} Qe7+ {[%clk 0:01:46]} 39. Kf1
{[%clk 0:00:13]} Qd7 {[%clk 0:01:50]} 40. Ke2 {[%clk 0:00:13]} Ba7
{[%clk 0:01:48]} 41. Bf2 {[%clk 0:00:13]} Rd6 {[%clk 0:01:27]} 42. Nb3
{[%clk 0:00:15]} Rxd3 {[%clk 0:01:26]} 43. Rxd3 {[%clk 0:00:19]} Qxd3+
{[%clk 0:01:29]} 44. Qxd3 {[%clk 0:00:19]} Rxd3 {[%clk 0:01:33]} 45. Nc1
{[%clk 0:00:23]} 0-1

[Event "M?R 2020 v rapid ?achu druzstev"]
[Site "Turnov"]
[Date "2020.09.13"]
[Round "8.2"]
[White "Pisk MOR_A, Petr"]
[Black "Docekal VYS, Jan"]
[Result "1/2-1/2"]
[BlackElo "2225"]
[WhiteElo "2379"]
[LiveChessVersion "1.4.8"]

1. e4 {[%clk 0:15:05]} c5 {[%clk 0:15:09]} 2. Nf3 {[%clk 0:14:56]} d6
{[%clk 0:15:13]} 3. d4 {[%clk 0:14:03]} cxd4 {[%clk 0:15:16]} 4. Qxd4
{[%clk 0:14:06]} Nc6 {[%clk 0:15:04]} 5. Bb5 {[%clk 0:14:10]} Bd7
{[%clk 0:15:08]} 6. Bxc6 {[%clk 0:14:13]} Bxc6 {[%clk 0:15:12]} 7. Nc3
{[%clk 0:14:15]} Nf6 {[%clk 0:14:29]} 8. Bg5 {[%clk 0:14:17]} e6 {[%clk 0:13:21]}
9. O-O-O {[%clk 0:14:18]} Be7 {[%clk 0:13:25]} 10. Qd3 {[%clk 0:13:13]} Qc7
{[%clk 0:12:52]} 11. Kb1 {[%clk 0:11:53]} O-O {[%clk 0:12:23]} 12. h4
{[%clk 0:10:57]} Rad8 {[%clk 0:11:59]} 13. Rhe1 {[%clk 0:10:28]} Rfe8
{[%clk 0:11:24]} 14. Nd4 {[%clk 0:10:09]} a6 {[%clk 0:11:09]} 15. f4
{[%clk 0:08:19]} Nd7 {[%clk 0:10:43]} 16. Bxe7 {[%clk 0:07:18]} Rxe7
{[%clk 0:08:52]} 17. Nxc6 {[%clk 0:07:18]} Qxc6 {[%clk 0:08:55]} 18. Qxd6
{[%clk 0:07:18]} Qxd6 {[%clk 0:08:58]} 19. Rxd6 {[%clk 0:07:20]} Rc8
{[%clk 0:08:46]} 20. Red1 {[%clk 0:07:11]} Rc7 {[%clk 0:08:17]} 21. e5
{[%clk 0:06:49]} f5 {[%clk 0:08:13]} 22. exf6 {[%clk 0:05:44]} Nxf6
{[%clk 0:08:06]} 23. a4 {[%clk 0:04:53]} Rc4 {[%clk 0:07:51]} 24. R1d4
{[%clk 0:04:54]} Rxd4 {[%clk 0:07:42]} 25. Rxd4 {[%clk 0:04:57]} e5
{[%clk 0:07:45]} 26. fxe5 {[%clk 0:04:51]} Rxe5 {[%clk 0:07:49]} 27. g4
{[%clk 0:03:19]} h6 {[%clk 0:07:54]} 28. b4 {[%clk 0:02:46]} Kf7 {[%clk 0:07:45]}
29. Kb2 {[%clk 0:02:31]} Ke6 {[%clk 0:07:31]} 30. a5 {[%clk 0:02:09]} Ne8
{[%clk 0:06:55]} 31. Na4 {[%clk 0:01:56]} Nd6 {[%clk 0:06:34]} 32. Nc5+
{[%clk 0:01:58]} Ke7 {[%clk 0:06:39]} 33. c4 {[%clk 0:01:33]} Re3
{[%clk 0:06:32]} 34. Rf4 {[%clk 0:01:07]} g5 {[%clk 0:06:06]} 35. hxg5
{[%clk 0:01:01]} hxg5 {[%clk 0:06:10]} 36. Rd4 {[%clk 0:01:00]} Rg3
{[%clk 0:05:52]} 37. Kc2 {[%clk 0:00:53]} Re3 {[%clk 0:05:42]} 38. Rd5
{[%clk 0:00:37]} Nxc4 {[%clk 0:05:13]} 39. Rxg5 {[%clk 0:00:38]} Kf6
{[%clk 0:04:52]} 40. Rf5+ {[%clk 0:00:34]} Kg6 {[%clk 0:04:57]} 41. Rf2
{[%clk 0:00:09]} Re7 {[%clk 0:04:57]} 42. Kc3 {[%clk 0:00:09]} Ne3
{[%clk 0:04:44]} 43. Rf3 {[%clk 0:00:09]} Nxg4 {[%clk 0:04:38]} 44. Rg3
{[%clk 0:00:13]} Kf5 {[%clk 0:04:39]} 45. Rf3+ {[%clk 0:00:17]} Kg5
{[%clk 0:04:40]} 46. Rg3 {[%clk 0:00:21]} Kf4 {[%clk 0:04:40]} 47. Rd3
{[%clk 0:00:25]} Ne5 {[%clk 0:04:32]} 48. Rd4+ {[%clk 0:00:28]} Kf5
{[%clk 0:04:02]} 1/2-1/2

[Event "M?R 2020 v rapid ?achu druzstev"]
[Site "Turnov"]
[Date "2020.09.13"]
[Round "8.3"]
[White "Jurek VYS, Josef"]
[Black "Obsivac MOR_A, Josef"]
[Result "1/2-1/2"]
[BlackElo "2257"]
[WhiteElo "2252"]
[LiveChessVersion "1.4.8"]

1. Nf3 {[%clk 0:15:06]} Nf6 {[%clk 0:15:05]} 2. g3 {[%clk 0:15:06]} g6
{[%clk 0:14:40]} 3. b3 {[%clk 0:15:09]} Bg7 {[%clk 0:14:38]} 4. Bb2
{[%clk 0:15:12]} c5 {[%clk 0:13:36]} 5. c4 {[%clk 0:15:00]} b6 {[%clk 0:13:06]}
6. Bg2 {[%clk 0:14:55]} Bb7 {[%clk 0:13:09]} 7. O-O {[%clk 0:14:51]} O-O
{[%clk 0:13:02]} 8. Nc3 {[%clk 0:14:44]} d6 {[%clk 0:12:14]} 9. d4
{[%clk 0:14:12]} cxd4 {[%clk 0:12:08]} 10. Nxd4 {[%clk 0:14:14]} Bxg2
{[%clk 0:12:08]} 11. Kxg2 {[%clk 0:14:16]} Qd7 {[%clk 0:11:31]} 12. e4
{[%clk 0:13:44]} Qb7 {[%clk 0:10:29]} 13. Re1 {[%clk 0:12:14]} Nbd7
{[%clk 0:10:32]} 14. Kg1 {[%clk 0:11:37]} Rfd8 {[%clk 0:08:53]} 15. Qe2
{[%clk 0:11:19]} a6 {[%clk 0:08:21]} 16. Bc1 1/2-1/2